Statistics for Travis Scott - Utopia (tracklist)

Click here to take the quiz!

General Stats

  • This quiz has been taken 856 times
  • The average score is 16 of 19

Answer Stats

HintAnswer% Correct
8 (ft. Playboi Carti)FE!N
98%
7 (ft. Drake)MELTDOWN
94%
1HYAENA
91%
17 (ft. Bad Bunny & The Weeknd)K-POP
88%
18 (ft. Future & SZA)TELEKINESIS
88%
11 (ft. 21 Savage & Rob49)TOPIA TWINS
87%
4MY EYES
86%
2THANK GOD
83%
3 (ft. Teezo Touchdown)MODERN JAM
82%
16 (ft. Kid Cudi)LOOOVE
80%
19 (ft. 21 Savage & James Blake)TIL FURTHER NOTICE
80%
12 (ft. Swae Lee & The Weeknd)CIRCUS MAXIMUS
78%
10I KNOW ?
77%
14 (ft. Young Thug)SKITZO
77%
5GOD'S COUNTRY
76%
6SIRENS
75%
13 (ft. Dave Chappelle & Yung Lean)PARASAIL
73%
9 (ft. BeyoncéDELRESTO (ECHOES)
70%
15 (ft. Westside Gunn)LOST FOREVER
70%

Score Distribution

Percentile by Number Answered

Percent of People with Each Score

Your Score History

You have not taken this quiz